Industrial Japan : Age of international tourism

Guardat en:
Dades bibliogràfiques
Format: Llibre
Idioma:Undetermined
Publicat: Tokyo 1971
Matèries:
Etiquetes: Afegir etiqueta
Sense etiquetes, Sigues el primer a etiquetar aquest registre!
Thư viện lưu trữ: Trung tâm Học liệu Trường Đại học Cần Thơ
LEADER 00429nam a2200169Ia 4500
001 CTU_99001
008 210402s9999 xx 000 0 und d
082 |a 338.0952 
082 |b I.42/No.22 
245 0 |a Industrial Japan : 
245 0 |b Age of international tourism 
260 |a Tokyo 
260 |c 1971 
650 |a Industries 
650 |z Japan 
904 |i Truc 
980 |a Trung tâm Học liệu Trường Đại học Cần Thơ